000 01048nam a2200277 i 4500
001 bg
245 1 0 _aProblemy otwarcia gospodarki /
_c[Bronisław Sulmierski, Teresa Kozak-Lisiecka, Piotr Ważniewski].
260 _aWarszawa :
_bIRiSS,
_c1997.
300 _a140 s. ;
_c25 cm.
490 1 _aRaporty / Instytut Rozwoju i Studiów Strategicznych,
_x1230-2848 ;
_v65
504 _aBibliogr. przy ref.
650 9 _aFinanse
_xorganizacje
650 9 _aFinlandia a Unia Europejska
_xgospodarka
_yod 1989 r.
650 9 _aHandel zagraniczny
_zPolska
_yod 1989 r.
650 9 _aPolska a Unia Europejska
_xhandel
_yod 1989 r.
650 9 _aUnia Europejska a Polska
_xhandel
_yod 1989 r.
700 1 _aSULMIERSKI, Bronisław.
700 1 _aKOZAK-LISIECKA, Teresa.
700 1 _aWAŻNIEWSKI, Piotr.
830 0 _aRaporty (Instytut Rozwoju i Studiów Strategicznych) ;
_v65
040 _cBPK
041 0 _apl
080 _a339.73+338.1(480)+339.5(438)]:[339.923:061.1A/Z](4-67)"1989/..."
942 _cKS
008 s pl f |000 0 pol
999 _c32687
_d32687
856 _uhttp://koha.tu.koszalin.pl/cgi-bin/koha/opac-detail.pl?biblionumber=32687
_yKatalog online BPK